| 000 | 00599nam a22001937a 4500 | ||
|---|---|---|---|
| 003 | 0 | ||
| 005 | 20241003100454.0 | ||
| 008 | 241003b xxu||||| |||| 00| 0 eng d | ||
| 020 | _a9781250797179 | ||
| 050 |
_aPR 9199.4 _b.J54 2020 |
||
| 100 |
_aJenner, Natalie, _eauthor. |
||
| 245 |
_aThe Jane Austen society / _cNatalie Jenner. |
||
| 260 |
_aNew York : _bSt. Martin's Press, _c2020. |
||
| 300 |
_a309 p. ; _c21 cm. |
||
| 600 |
_aAustene, Jane, _d1779-1817 _vFiction. |
||
| 650 |
_aWorld war, 1939-1945 _vFiction _xPsychological aspects _zEngland |
||
| 650 | _aHistorical fiction. | ||
| 942 |
_2lcc _cBK |
||
| 999 |
_c366449 _d366449 |
||